000 00483nam a22001937a 4500
003 MPLRDC
005 20220104123824.0
008 210129b ||||| |||| 00| 0 eng d
020 _a9971-3-0078-8
082 _a811.1 WY v.2 c.2
100 _a伟蕴编
245 _a中学作文. 下册
_c
250 _a新版本
260 _a
_b世界书局有限公司
_c1982
300 _b
490 _a中学会考自修丛书
650 _a写作法
942 _cBK
_o811.1 WY v.2 c.2
999 _c14474
_d14464